[Event "Warsaw AIG Life rapid 8th"]
[Site "Warsaw"]
[Date "2008.12.21"]
[Round "10"]
[White "Zhigalko, Sergei"]
[Black "Tomczak, Jacek"]
[Result "1/2-1/2"]
[WhiteElo "2592"]
[BlackElo "2461"]
[PlyCount "90"]
[EventDate "2008.12.20"]
[EventType "swiss (rapid)"]
[EventRounds "13"]
[EventCountry "POL"]
[SourceTitle "CBM 127 Extra"]
[Source "ChessBase"]
[SourceDate "2009.01.08"]
[SourceVersion "2"]
[SourceVersionDate "2009.01.28"]
[SourceQuality "1"]

1. e4 d5 2. exd5 Qxd5 3. Nc3 Qa5 4. d4 Nf6 5. Nf3 c6 6. Bc4 Bf5 7. Bd2 e6 8. Nd5 Qd8 9. Nxf6+ gxf6 10. c3 Nd7 11. O-O Qc7 12. Nh4 Bg6 13. Re1 O-O-O 14. Qe2 Bd6 15. g3 f5 16. Ng2 e5 17. dxe5 Nxe5 18. Bf4 Rhe8 19. Bxe5 Bxe5 20. Qf3 Rd2 21. Qe3 Qd8 22. Nf4 Rd7 23. Ne6 fxe6 24. Qxe5 Bf7 25. Re2 Qc7 26. Rae1 Qxe5 27. Rxe5 Rd2 28. R5e2 Rxe2 29. Rxe2 Kd8 30. f4 Ke7 31. Kf2 Rd8 32. Ke1 Rd6 33. Re3 Bh5 34. Bb3 Kf6 35. Bc2 c5 36. h3 b6 37. Bb3 h6 38. a3 Be8 39. g4 Bg6 40. Bc4 fxg4 41. hxg4 h5 42. Be2 hxg4 43. Bxg4 Bf5 44. Be2 Rd7 45. Rg3 e5 1/2-1/2

[Event "Warsaw AIG Life rapid 8th"]
[Site "Warsaw"]
[Date "2008.12.21"]
[Round "11"]
[White "Kuraszkiewicz, Michael"]
[Black "Zhigalko, Sergei"]
[Result "0-1"]
[WhiteElo "2330"]
[BlackElo "2592"]
[PlyCount "96"]
[EventDate "2008.12.20"]
[EventType "swiss (rapid)"]
[EventRounds "13"]
[EventCountry "POL"]
[SourceTitle "CBM 127 Extra"]
[Source "ChessBase"]
[SourceDate "2009.01.08"]
[SourceVersion "2"]
[SourceVersionDate "2009.01.28"]
[SourceQuality "1"]

1. d4 Nf6 2. c4 e6 3. Nf3 b6 4. g3 Ba6 5. Qc2 Bb4+ 6. Bd2 Be7 7. Bg2 c6 8. O-O d5 9. cxd5 cxd5 10. Bf4 O-O 11. Ne5 Nfd7 12. Nd3 Bb7 13. Nd2 Nc6 14. Nf3 Rc8 15. Qa4 a6 16. Rfc1 h6 17. Nfe5 Ndxe5 18. Nxe5 b5 19. Nxc6 Rxc6 20. Qd1 Qb6 21. Rxc6 Bxc6 22. Rc1 Rc8 23. g4 a5 24. e3 Qb7 25. Bf1 Bd7 26. Bd3 a4 27. Rxc8+ Qxc8 28. Qc2 Qxc2 29. Bxc2 b4 30. Bd3 a3 31. bxa3 bxa3 32. Kf1 Ba4 33. f3 Bb3 34. Bb1 Bc4+ 35. Ke1 Bb4+ 36. Kf2 f6 37. e4 Bc3 38. Be3 Kf7 39. Kg3 Bb2 40. h4 e5 41. dxe5 d4 42. Bd2 fxe5 43. f4 Bc3 44. Bc1 d3 45. Bxa3 d2 46. Bc2 Be2 47. fxe5 Bxe5+ 48. Kf2 Bxg4 0-1

[Event "Warsaw AIG Life rapid 8th"]
[Site "Warsaw"]
[Date "2008.12.21"]
[Round "12"]
[White "Zhigalko, Sergei"]
[Black "Saric, Ivan"]
[Result "1/2-1/2"]
[WhiteElo "2592"]
[BlackElo "2516"]
[PlyCount "91"]
[EventDate "2008.12.20"]
[EventType "swiss (rapid)"]
[EventRounds "13"]
[EventCountry "POL"]
[SourceTitle "CBM 127 Extra"]
[Source "ChessBase"]
[SourceDate "2009.01.08"]
[SourceVersion "2"]
[SourceVersionDate "2009.01.28"]
[SourceQuality "1"]

1. e4 c5 2. Nf3 d6 3. d4 cxd4 4. Qxd4 Nc6 5. Bb5 Qa5+ 6. Nc3 Qxb5 7. Nxb5 Nxd4 8. Nfxd4 Kd8 9. Be3 Nf6 10. f3 a6 11. Nc3 Bd7 12. O-O-O Rc8 13. Rhe1 e6 14. Nb3 b5 15. Rd2 Be7 16. Red1 b4 17. Bb6+ Ke8 18. Ne2 Ba4 19. Bd4 Rg8 20. Kb1 Nd7 21. Nbc1 g5 22. Nd3 a5 23. b3 Bc6 24. h3 d5 25. exd5 Bxd5 26. c4 bxc3 27. Nxc3 Bc6 28. Nb2 e5 29. Be3 Bb4 30. Nd5 Bxd2 31. Rxd2 Rg6 32. Nc4 a4 33. Kb2 axb3 34. axb3 Bb5 35. Na3 Ba6 36. Nb4 Rb8 37. Nd5 Rc6 38. Bxg5 Nc5 39. b4 Nd3+ 40. Kb3 h6 41. Be3 Rd8 42. Nc3 Nc1+ 43. Kb2 Nd3+ 44. Kb3 Nc1+ 45. Kb2 Nd3+ 46. Kb3 1/2-1/2

[Event "BLR-ch"]
[Site "Minsk"]
[Date "2009.01.14"]
[Round "2"]
[White "Zhigalko, Sergei"]
[Black "Sidorenja, Alexander"]
[Result "1-0"]
[WhiteElo "2587"]
[BlackElo "2362"]
[PlyCount "93"]
[EventDate "2009.01.13"]
[EventType "tourn"]
[EventRounds "9"]
[EventCountry "BLR"]
[EventCategory "10"]
[SourceTitle "CBM 128 Extra"]
[Source "ChessBase"]
[SourceDate "2009.03.05"]
[SourceVersion "2"]
[SourceVersionDate "2009.03.25"]
[SourceQuality "1"]

1. e4 c5 2. Nf3 d6 3. d4 cxd4 4. Nxd4 Nf6 5. Nc3 a6 6. Be3 e5 7. Nb3 Be6 8. Qd2 Nbd7 9. O-O-O Rc8 10. f4 b5 11. Bd3 Qc7 12. Kb1 Be7 13. f5 Bc4 14. h3 b4 15. Nd5 Nxd5 16. exd5 Bxd3 17. Qxd3 O-O 18. g4 a5 19. Nd2 Rfe8 20. g5 Bf8 21. Ne4 Qc4 22. b3 Qxd3 23. Rxd3 f6 24. h4 Be7 25. Rg1 Rf8 26. g6 hxg6 27. Rxg6 Kf7 28. Rg4 Rh8 29. Ng3 Bd8 30. Kb2 Rh7 31. Ne4 Ke7 32. Bg1 Bb6 33. Rdg3 Rg8 34. a3 Bxg1 35. Rxg1 Nb6 36. axb4 axb4 37. Rd1 Rb8 38. Nf2 Nc8 39. Nd3 Kd7 40. Ra1 Rb7 41. Rag1 Ne7 42. Rxg7 Rxg7 43. Rxg7 Rb5 44. h5 Rxd5 45. h6 Rb5 46. h7 Rb8 47. Nxb4 1-0

[Event "BLR-ch"]
[Site "Minsk"]
[Date "2009.01.15"]
[Round "3"]
[White "Stupak, Kirill"]
[Black "Zhigalko, Sergei"]
[Result "1/2-1/2"]
[WhiteElo "2458"]
[BlackElo "2587"]
[PlyCount "84"]
[EventDate "2009.01.13"]
[EventType "tourn"]
[EventRounds "9"]
[EventCountry "BLR"]
[EventCategory "10"]
[SourceTitle "CBM 128 Extra"]
[Source "ChessBase"]
[SourceDate "2009.03.05"]
[SourceVersion "2"]
[SourceVersionDate "2009.03.25"]
[SourceQuality "1"]

1. Nf3 Nf6 2. c4 c5 3. g3 b6 4. Bg2 Bb7 5. O-O e6 6. Nc3 Be7 7. d4 cxd4 8. Qxd4 d6 9. Rd1 a6 10. Bg5 Nbd7 11. Qd2 O-O 12. Bf4 Ne8 13. Bg5 Nef6 14. Bf4 Ne8 15. Bg5 Ndf6 16. b3 h6 17. Bf4 Rc8 18. Rac1 Qc7 19. Qe1 Ne4 20. Nxe4 Bxe4 21. Nh4 Bxg2 22. Nxg2 Nf6 23. e4 Rfd8 24. e5 dxe5 25. Qxe5 Qb7 26. Rxd8+ Bxd8 27. Qe2 Be7 28. Ne1 Ba3 29. Rc2 Ne4 30. f3 Nd6 31. Bxd6 Bxd6 32. Nd3 Be7 33. Kg2 Rd8 34. Rd2 Qd7 35. Rd1 Bc5 36. Nf2 Bd4 37. a4 Qe7 38. Ng4 Qa3 39. Rd3 Rd6 40. Nf2 e5 41. f4 f6 42. fxe5 fxe5 1/2-1/2

[Event "BLR-ch"]
[Site "Minsk"]
[Date "2009.01.16"]
[Round "4"]
[White "Zhigalko, Sergei"]
[Black "Maiorov, Nikita"]
[Result "1-0"]
[WhiteElo "2587"]
[BlackElo "2524"]
[PlyCount "57"]
[EventDate "2009.01.13"]
[EventType "tourn"]
[EventRounds "9"]
[EventCountry "BLR"]
[EventCategory "10"]
[SourceTitle "CBM 128 Extra"]
[Source "ChessBase"]
[SourceDate "2009.03.05"]
[SourceVersion "2"]
[SourceVersionDate "2009.03.25"]
[SourceQuality "1"]

1. e4 e5 2. Nf3 Nc6 3. Bb5 a6 4. Ba4 Nf6 5. O-O Be7 6. Re1 d6 7. c3 Bg4 8. h3 Bh5 9. d4 b5 10. Bc2 Bxf3 11. gxf3 Nh5 12. f4 g6 13. dxe5 dxe5 14. Qd5 Qd6 15. a4 b4 16. a5 O-O-O 17. Ba4 Kb7 18. cxb4 Qxd5 19. exd5 Nxb4 20. Nc3 Nd3 21. Bc6+ Kb8 22. Rxe5 Bd6 23. Re4 Nxc1 24. Rxc1 Nxf4 25. Re3 f5 26. b4 Ka7 27. b5 Rb8 28. Rce1 Rhd8 29. b6+ 1-0

[Event "BLR-ch"]
[Site "Minsk"]
[Date "2009.01.17"]
[Round "5"]
[White "Smirnov, Valerij"]
[Black "Zhigalko, Sergei"]
[Result "1/2-1/2"]
[WhiteElo "2383"]
[BlackElo "2587"]
[PlyCount "68"]
[EventDate "2009.01.13"]
[EventType "tourn"]
[EventRounds "9"]
[EventCountry "BLR"]
[EventCategory "10"]
[SourceTitle "CBM 128 Extra"]
[Source "ChessBase"]
[SourceDate "2009.03.05"]
[SourceVersion "2"]
[SourceVersionDate "2009.03.25"]
[SourceQuality "1"]

1. d4 Nf6 2. c4 e6 3. Nf3 b6 4. Nc3 Bb7 5. Qb3 a6 6. a3 g6 7. Qc2 Bxf3 8. gxf3 Bg7 9. f4 c6 10. e3 O-O 11. Be2 d5 12. Bd2 dxc4 13. Bxc4 Nbd7 14. O-O Rc8 15. Rfd1 Nd5 16. Be1 f5 17. Kh1 Kh8 18. Bxa6 Rc7 19. Nxd5 exd5 20. Rac1 g5 21. fxg5 Qxg5 22. f4 Qe7 23. Bf2 Nf6 24. Bd3 Ng4 25. Re1 c5 26. Bg1 Qe6 27. h3 Nh6 28. b3 Rfc8 29. Ba6 Ra8 30. Bf1 Nf7 31. dxc5 Rxc5 32. Qd2 Rac8 33. Rxc5 Rxc5 34. Rc1 Rxc1 1/2-1/2

[Event "BLR-ch"]
[Site "Minsk"]
[Date "2009.01.18"]
[Round "6"]
[White "Zhigalko, Sergei"]
[Black "Podolchenko, Evgeniy"]
[Result "1-0"]
[WhiteElo "2587"]
[BlackElo "2475"]
[PlyCount "75"]
[EventDate "2009.01.13"]
[EventType "tourn"]
[EventRounds "9"]
[EventCountry "BLR"]
[EventCategory "10"]
[SourceTitle "CBM 128 Extra"]
[Source "ChessBase"]
[SourceDate "2009.03.05"]
[SourceVersion "2"]
[SourceVersionDate "2009.03.25"]
[SourceQuality "1"]

1. e4 e6 2. d3 d5 3. Nd2 Nf6 4. Ngf3 b6 5. e5 Nfd7 6. d4 c5 7. c3 Be7 8. a4 a5 9. Bb5 Ba6 10. O-O O-O 11. Re1 Qc8 12. c4 Qb7 13. b3 Rd8 14. cxd5 Qxd5 15. Ba3 Qb7 16. Nc4 Nf8 17. Qc2 Bxb5 18. axb5 Nbd7 19. Nd6 Bxd6 20. exd6 Rac8 21. Ne5 Nb8 22. Nc4 Nbd7 23. Rad1 Nf6 24. Qd3 Ng6 25. dxc5 bxc5 26. Nxa5 Qa8 27. Nc4 Nd5 28. Qg3 Qb7 29. Bb2 Qxb5 30. h4 Ndf4 31. Re4 Nh5 32. Qg5 Qb7 33. Rde1 Qd5 34. d7 Rxd7 35. Nb6 Qxg5 36. hxg5 Rcd8 37. Nxd7 Rxd7 38. Bc1 1-0

[Event "BLR-ch"]
[Site "Minsk"]
[Date "2009.01.19"]
[Round "7"]
[White "Romanenko, Vladimir"]
[Black "Zhigalko, Sergei"]
[Result "1/2-1/2"]
[WhiteElo "2478"]
[BlackElo "2587"]
[PlyCount "42"]
[EventDate "2009.01.13"]
[EventType "tourn"]
[EventRounds "9"]
[EventCountry "BLR"]
[EventCategory "10"]
[SourceTitle "CBM 128 Extra"]
[Source "ChessBase"]
[SourceDate "2009.03.05"]
[SourceVersion "2"]
[SourceVersionDate "2009.03.25"]
[SourceQuality "1"]

1. e4 Nf6 2. Nc3 e5 3. Nf3 Nc6 4. Bc4 Bc5 5. d3 d6 6. O-O Bg4 7. h3 Bh5 8. Nd5 Nxd5 9. Bxd5 Rb8 10. c3 Ne7 11. d4 exd4 12. cxd4 Bb6 13. Re1 O-O 14. g4 Bg6 15. Bg5 Kh8 16. Bb3 f6 17. Bh4 Nc6 18. e5 dxe5 19. dxe5 Qxd1 20. Raxd1 fxe5 21. Nxe5 Nxe5 1/2-1/2

[Event "BLR-ch"]
[Site "Minsk"]
[Date "2009.01.20"]
[Round "8"]
[White "Zhigalko, Sergei"]
[Black "Tihonov, Jurij"]
[Result "1-0"]
[WhiteElo "2587"]
[BlackElo "2460"]
[PlyCount "77"]
[EventDate "2009.01.13"]
[EventType "tourn"]
[EventRounds "9"]
[EventCountry "BLR"]
[EventCategory "10"]
[SourceTitle "CBM 128 Extra"]
[Source "ChessBase"]
[SourceDate "2009.03.05"]
[SourceVersion "2"]
[SourceVersionDate "2009.03.25"]
[SourceQuality "1"]

1. e4 c5 2. Nf3 d6 3. d4 cxd4 4. Qxd4 a6 5. Bc4 Nc6 6. Qd3 e6 7. Nc3 Nge7 8. Be3 Ng6 9. Bb3 Be7 10. O-O-O b5 11. h4 Qc7 12. Bg5 Nge5 13. Qd2 f6 14. Be3 Na5 15. Nd4 Nec4 16. Qe1 O-O 17. Kb1 b4 18. Na4 e5 19. Nf5 Bxf5 20. Bb6 Qc6 21. Bxa5 Be6 22. Nb6 Rab8 23. Nxc4 Bxc4 24. Bxb4 Bxb3 25. axb3 f5 26. exf5 a5 27. Ba3 Rxf5 28. f3 Ra8 29. Qc3 Qa6 30. Rd5 Kh8 31. Rhd1 Rf6 32. Qc7 Bf8 33. Bxd6 a4 34. b4 a3 35. b5 Qa4 36. b3 a2+ 37. Ka1 Bxd6 38. Rxd6 Qxb5 39. Rd8+ 1-0

[Event "BLR-ch"]
[Site "Minsk"]
[Date "2009.01.21"]
[Round "9"]
[White "Teterev, Vitaly"]
[Black "Zhigalko, Sergei"]
[Result "1/2-1/2"]
[WhiteElo "2530"]
[BlackElo "2587"]
[PlyCount "46"]
[EventDate "2009.01.13"]
[EventType "tourn"]
[EventRounds "9"]
[EventCountry "BLR"]
[EventCategory "10"]
[SourceTitle "CBM 128 Extra"]
[Source "ChessBase"]
[SourceDate "2009.03.05"]
[SourceVersion "2"]
[SourceVersionDate "2009.03.25"]
[SourceQuality "1"]

1. Nf3 Nf6 2. g3 b5 3. Bg2 Bb7 4. O-O e6 5. d3 Be7 6. e4 d6 7. a4 b4 8. a5 O-O 9. c3 c5 10. Nbd2 Na6 11. Re1 Rc8 12. Nc4 Nb8 13. cxb4 cxb4 14. Be3 Nc6 15. Nd4 Qd7 16. Qa4 Ng4 17. a6 Ba8 18. Bd2 Rfd8 19. Nxc6 Bxc6 20. Qd1 d5 21. Qxg4 dxc4 22. Bh6 Bf8 23. Bg5 h5 1/2-1/2

[Event "EU-ch 10th"]
[Site "Budva"]
[Date "2009.03.10"]
[Round "5"]
[White "Zhigalko, Sergei"]
[Black "Cheparinov, Ivan"]
[Result "0-1"]
[WhiteElo "2587"]
[BlackElo "2679"]
[PlyCount "78"]
[EventDate "2009.03.06"]
[EventType "swiss"]
[EventRounds "11"]
[EventCountry "MNE"]
[SourceTitle "CBM 130"]
[Source "ChessBase"]
[SourceDate "2009.05.20"]
[SourceVersion "1"]
[SourceVersionDate "2009.05.20"]
[SourceQuality "1"]

1. e4 e5 2. Nf3 Nc6 3. Bb5 a6 4. Ba4 Nf6 5. O-O Be7 6. Re1 b5 7. Bb3 O-O 8. a4 b4 9. d3 d6 10. Nbd2 Na5 11. Ba2 c5 12. Nc4 Nc6 13. h3 Rb8 14. Be3 Be6 15. Ng5 d5 16. exd5 Bxd5 17. Nf3 Nd7 18. Bd2 Bf6 19. Nh2 Nb6 20. Nxb6 Bxa2 21. Rxa2 Rxb6 22. Ng4 Bh4 23. b3 f5 24. Ne3 Rb7 25. Nc4 Rbf7 26. Be3 f4 27. Bxc5 f3 28. Re4 fxg2 29. Bxf8 Bxf2+ 30. Kxg2 Qxf8 31. Qg4 Bd4 32. c3 bxc3 33. Rxd4 Nxd4 34. Nxe5 Rf4 35. Qd7 c2 36. Qd5+ Kh8 37. Ra1 Rf2+ 38. Kh1 Rf1+ 39. Rxf1 Qxf1+ 0-1

[Event "EU-ch 10th"]
[Site "Budva"]
[Date "2009.03.11"]
[Round "6"]
[White "Novikov, Stanislav"]
[Black "Zhigalko, Sergei"]
[Result "0-1"]
[WhiteElo "2523"]
[BlackElo "2587"]
[PlyCount "102"]
[EventDate "2009.03.06"]
[EventType "swiss"]
[EventRounds "11"]
[EventCountry "MNE"]
[SourceTitle "CBM 130"]
[Source "ChessBase"]
[SourceDate "2009.05.20"]
[SourceVersion "1"]
[SourceVersionDate "2009.05.20"]
[SourceQuality "1"]

1. c4 e5 2. Nc3 Nf6 3. Nf3 Nc6 4. d3 d6 5. g3 g6 6. Bg2 Bg7 7. O-O O-O 8. Rb1 a5 9. a3 h6 10. b4 axb4 11. axb4 Be6 12. b5 Ne7 13. Nd2 Qc8 14. Re1 Kh7 15. Qb3 Bh3 16. Bh1 Nd7 17. Ba3 f5 18. b6 c5 19. Nb5 Rf6 20. Nc7 Rb8 21. e3 Qd8 22. Nd5 Nxd5 23. cxd5 Rf7 24. Nc4 Qf8 25. Bb2 Nf6 26. f4 Ng4 27. Bg2 Bxg2 28. Kxg2 Re8 29. h3 Nf6 30. fxe5 dxe5 31. Nxe5 Rfe7 32. d4 Ne4 33. Nf3 Rd7 34. dxc5 Qxc5 35. Ba3 Qc8 36. Rbc1 Qb8 37. d6 Rxd6 38. Rc7 Qd8 39. Qf7 Rg8 40. Nd4 Rxd4 41. exd4 Qxd4 42. Qa2 Qd3 43. Bc1 Qxg3+ 44. Kf1 Qd3+ 45. Kg2 Qg3+ 46. Kf1 f4 47. Qc2 Qxh3+ 48. Kg1 Ng5 49. Ree7 Nf3+ 50. Kf2 Qg3+ 51. Kf1 Qg1+ 0-1

[Event "EU-ch 10th"]
[Site "Budva"]
[Date "2009.03.12"]
[Round "7"]
[White "Zhigalko, Sergei"]
[Black "Mastrovasilis, Athanasios"]
[Result "1/2-1/2"]
[WhiteElo "2587"]
[BlackElo "2486"]
[PlyCount "73"]
[EventDate "2009.03.06"]
[EventType "swiss"]
[EventRounds "11"]
[EventCountry "MNE"]
[SourceTitle "CBM 130"]
[Source "ChessBase"]
[SourceDate "2009.05.20"]
[SourceVersion "1"]
[SourceVersionDate "2009.05.20"]
[SourceQuality "1"]

1. e4 e5 2. Nf3 Nc6 3. Bb5 Nf6 4. O-O Nxe4 5. d4 Nd6 6. Bxc6 dxc6 7. dxe5 Nf5 8. Qxd8+ Kxd8 9. Nc3 Ke8 10. h3 b6 11. Bf4 Bb4 12. Ne4 Ba6 13. Rfc1 Be2 14. Ned2 Bxd2 15. Nxd2 Nd4 16. Be3 Nf5 17. Bf4 Nd4 18. c3 Ne6 19. Be3 h5 20. f4 Bd3 21. Kf2 Ke7 22. Nf3 h4 23. Rd1 Be4 24. Rd2 Rad8 25. Rxd8 Kxd8 26. Bd2 g6 27. Ke3 Bxf3 28. Kxf3 Ke7 29. Be1 Ng7 30. Rd1 Nf5 31. Bf2 a5 32. a4 c5 33. Kg4 Ke6 34. Rd2 Ke7 35. Rd3 Ke6 36. Rd2 Ke7 37. Rd3 1/2-1/2

[Event "EU-ch 10th"]
[Site "Budva"]
[Date "2009.03.14"]
[Round "8"]
[White "Bologan, Viktor"]
[Black "Zhigalko, Sergei"]
[Result "1-0"]
[WhiteElo "2687"]
[BlackElo "2587"]
[Annotator "Bologan,Viktor"]
[PlyCount "157"]
[EventDate "2009.03.06"]
[EventType "swiss"]
[EventRounds "11"]
[EventCountry "MNE"]
[SourceTitle "CBM 130"]
[Source "ChessBase"]
[SourceDate "2009.05.20"]
[SourceVersion "1"]
[SourceVersionDate "2009.05.20"]
[SourceQuality "1"]

1. e4 {On the previous rest day we had played for the same team in a football competition and now we had to struggle against each other.} c5 2. Nf3 Nc6 3. Bb5 g6 4. Bxc6 {The story of this move is very long but it was brought into top level practice thanks to the studies of Chebanenko.} dxc6 5. d3 Bg7 6. h3 b6 7. O-O Nh6 8. a4 {Novelty. White's plan is to provoke weaknesses on the queenside and then to attack it} (8. Bd2 {was played before} f6 (8... Bxb2 $5 9. Na3 Ng8 10. Nc4 Bxa1 11. Qxa1 f6 12. e5 {I am not sure whether White has enough compensation but for rapid chess it might be sufficient}) 9. e5 O-O 10. exf6 exf6 11. Bc3 Nf7 12. Nbd2 Nd6 13. b3 Be6 14. Re1 Qd7 15. Nc4 Nf5 $11 {Shirov Alexei 2726 - Radjabov Teimour 2663 , Leon 5.6.2004 It (active) (KO-system)}) (8. Nc3 {and} O-O (8... f6 9. Be3 e5 10. Nh2 O-O 11. f4 exf4 12. Rxf4 f5 13. Qd2 g5 14. Rff1 f4 15. Bf2 Nf7 16. Nf3 h5 $15 {Tomilova Elena 2229 - Korbut Ekaterina 2338 , Dagomys 5.2004 Ch Russia (w)}) 9. Be3 f6 10. a3 (10. a4 a5 (10... Nf7 $6 11. a5 Rb8 12. axb6 axb6 13. Nh2 f5 14. exf5 gxf5 15. f4 Be6 16. Nf3 c4 {Sanduleac Vasile 2461 - Kotronias Vasilios 2611 , Eforie Nord 2.9.2008 Ch Romania (team)} 17. Ra7 $14) 11. d4 cxd4 12. Qxd4 Qxd4 13. Nxd4 Bd7 14. Rfd1 Rfb8 15. Rd2 Nf7 16. Rad1 Rb7 17. Nde2 Be8 18. f4 e5 $11 {Chernyshov Konstantin 2558 - Bocharov Dmitry 2577 , Sochi 23.4.2006 Ch Russia (club) (1 liga)}) (10. Qd2 Nf7 11. Nh2 e5 12. f4 exf4 13. Rxf4 Ne5 14. Raf1 Be6 15. R4f2 Rf7 16. Nf3 Nxf3+ 17. Rxf3 Qd7 18. b3 Re8 19. Kh1 Bh8 20. Bh6 {Kovalevskaya Ekaterina 2421 - Cmilyte Viktorija 2467 , Plovdiv 26.4.2008 Ch Europe (w)} f5 {=}) 10... a5 11. Nh2 e5 12. Qd2 Nf7 13. Rab1 a4 14. f4 exf4 15. Bxf4 Be6 16. Kh1 f5 17. Nf3 {Jakovenko Dmitry 2561 - Cherniaev Alexander 2504 , Krasnodar 2002 Ch Russia} fxe4 18. Nxe4 c4 19. d4 Bd5 20. Rbe1 Re8) 8... a5 9. Be3 $1 {This is the point of the previous white move; now after ...xb2 the knight on a3 will be protected.} f6 (9... Bxb2 10. Na3 Bg7 (10... Ng8 11. Nc4 Bxa1 12. Qxa1 f6 13. Rb1 {with very strong compensation}) 11. Rb1 Be6 12. Nc4 Bxc4 13. dxc4 Qc7 14. Qd2 Ng8 15. Rfd1 $44) 10. Na3 e5 11. Nc4 (11. c3 {the other idea was to prepare d4} O-O (11... Nf7 12. Qb3 O-O) 12. Qb3+ Nf7 13. Nc4 Be6 $5 (13... Ra6 14. Rfd1 Be6 15. d4 $14) 14. Qxb6 (14. Rfd1 Nd6) 14... Qxd3 15. Nxa5 Rfb8 16. Qxc6 Ra6 17. Rfd1 Rxc6 18. Rxd3 Ra6 19. Bxc5 Rxa5 20. b4 Ra6 21. a5 Bf8 $15) 11... Be6 12. Nfd2 Ra6 {Prophylaxis.} (12... Nf7 {I was going implement another briliant idea which I learned from Chebanenko, on} 13. b4 $3 axb4 (13... cxb4 14. Bxb6 Qe7 15. Bxa5 $16) 14. a5 bxa5 15. Bxc5 Bf8 16. Bb6 Qb8 17. Bxa5 Be7 18. Bb6 $14) 13. f4 exf4 14. Bxf4 Nf7 15. Qf3 (15. Ne3 $14 {in order to prevent Black's only active idea f6-f5; this may be even more safe and correct.}) 15... O-O 16. Kh1 Ra7 17. Ne3 (17. Qf2 Ne5 $1 (17... f5 18. exf5 Bxf5 19. Rae1) 18. Ne3 Qd4 19. b3 Raf7 {/=}) 17... b5 {Black little by little prepares his counterplay on the queenside, which shouldn't be a problem for White if he takes some preventive measures.} 18. Qf2 Rd7 19. Nf3 $6 {I simply missed ...g5.} (19. b3 $14 {after this Black would be deprived of both his active plans: c4 and f5.}) 19... Ng5 $1 20. Qg3 Nxf3 21. Qxf3 c4 $1 {Typical for this stucture.} 22. dxc4 bxc4 23. Rad1 Rxd1 24. Rxd1 Qb6 25. Bd6 {Instead I was hoping for} (25. Rd6 {but in the line} Re8 26. Nd5 Bxd5 27. exd5 {I missed} Re1+ {after which I rejected d6. Already at home I had found that after the paradoxical} 28. Kh2 g5 29. Bd2 Qc7 30. Bxe1 Qxd6+ 31. g3 cxd5 32. Bxa5 {White can reach a better ending.}) 25... Rd8 26. Ba3 Rxd1+ 27. Qxd1 h5 $1 {Takiing the g4-square away from the knight.} 28. Qd2 Kh7 29. Nd1 f5 {untill this moment my opponent had played well but he had spent a lot of time, so from now on he was in time trouble.} 30. c3 fxe4 31. Qd6 Bf5 (31... Bd5 32. Qd7 Qb8 33. Bd6 Qg8 34. Bc7 Qf8 35. Ne3 Kh6 36. Bg3 Qa8 37. Bf4+ Kh7 38. Be5 Qf8 39. Bxg7 Qxg7 40. Nxd5 cxd5 41. Qxd5 Qe7 42. Qxc4 e3 43. Qe2 Qe4 {=}) 32. Bc5 Qb3 (32... Qb7 33. Bd4 Qd7 34. Qxd7 Bxd7 {=}) 33. Kh2 $1 Qc2 34. Qc7 Kg8 35. Qb8+ Kh7 36. Ne3 Qxa4 $4 {The final and decisive mistake; after} (36... Qf2 $5 {White can not achieve better then a draw.}) 37. Qc7 $18 Kg8 38. Nxf5 gxf5 39. Qc8+ Kh7 40. Qxf5+ Kg8 41. Qe6+ Kh7 42. Qxe4+ Kg8 43. Qe8+ Kh7 44. Qxh5+ Kg8 45. Qg4 Kh7 46. Qf5+ Kg8 47. Bb6 Qb3 48. Qe6+ Kh7 49. Qe4+ Kg8 50. Bxa5 Qb8+ 51. Kh1 Qxb2 52. Qxc4+ Kh7 53. Qe4+ Kg8 54. Qe1 c5 55. Qe6+ Kh7 56. Qf5+ Kg8 57. Qxc5 Qc1+ 58. Qg1 Qf4 59. Qd1 Kh8 60. Qd8+ Kh7 61. Qc7 Qc1+ 62. Kh2 Kg8 63. Qc8+ Kh7 64. Qf5+ Kg8 65. Qe6+ Kh7 66. Qe4+ Kg8 67. c4 Qa1 68. Be1 Be5+ 69. g3 Bd4 70. Qe2 Qc1 71. h4 Kf7 72. Kh3 Qb1 73. Qf3+ Ke6 74. Bd2 Bb6 75. Qd5+ Ke7 76. Bg5+ Kf8 77. Kg4 Qb4 78. Qe6 Kg7 79. h5 1-0

[Event "EU-ch 10th"]
[Site "Budva"]
[Date "2009.03.15"]
[Round "9"]
[White "Banusz, Tamas"]
[Black "Zhigalko, Sergei"]
[Result "0-1"]
[WhiteElo "2501"]
[BlackElo "2587"]
[PlyCount "108"]
[EventDate "2009.03.06"]
[EventType "swiss"]
[EventRounds "11"]
[EventCountry "MNE"]
[SourceTitle "CBM 130"]
[Source "ChessBase"]
[SourceDate "2009.05.20"]
[SourceVersion "1"]
[SourceVersionDate "2009.05.20"]
[SourceQuality "1"]

1. d4 d5 2. c4 e6 3. Nf3 c6 4. Nc3 dxc4 5. Bg5 f6 6. Bd2 b5 7. a4 Qd7 8. e4 a5 9. Be2 Bb4 10. O-O Ne7 11. axb5 cxb5 12. e5 f5 13. b3 Bxc3 14. Bxc3 Nd5 15. Bxa5 c3 16. b4 O-O 17. Ne1 Nc6 18. Bxb5 Qb7 19. Bxc6 Qxc6 20. Nc2 Ba6 21. Re1 f4 22. f3 Rac8 23. Kh1 Bb5 24. Re4 Rf7 25. Rc1 g5 26. Na3 Rg7 27. Nxb5 Qxb5 28. Qe2 Rc4 29. h3 h6 30. Kh2 Rb7 31. Qd3 Rc8 32. Qc2 Kg7 33. h4 Qe8 34. Qe2 Qb5 35. Qc2 Kg8 36. Qe2 Qxe2 37. Rxe2 gxh4 38. Kh3 Rg7 39. Kh2 Kh7 40. Ra2 Ra8 41. Rf2 Rg3 42. Rcc2 Kg6 43. Rc1 Kh5 44. Kh1 Rg7 45. Kh2 Rag8 46. b5 Ne3 47. Bxc3 Rxg2+ 48. Rxg2 Rxg2+ 49. Kh3 Rf2 50. b6 Rxf3+ 51. Kh2 Rg3 52. b7 Ng4+ 53. Kh1 Nf2+ 54. Kh2 f3 0-1